Planning fiber optic networks
Furkejuvvon:
| Váldodahkki: | |
|---|---|
| Materiálatiipa: | Girji |
| Giella: | eaŋgalasgiella |
| Almmustuhtton: |
Nueva York
McGraw-Hill
2009
|
| Fáttát: | |
| Fáddágilkorat: |
Lasit fáddágilkoriid
Eai fáddágilkorat, Lasit vuosttaš fáddágilkora!
|
MARC
| LEADER | 00000cam a2200000 a 4500 | ||
|---|---|---|---|
| 001 | UCG8821 | ||
| 003 | CL-VaPUC | ||
| 008 | 120106e20090000US |||||||||||||||||eng|d | ||
| 020 | |a 9780071499194 | ||
| 082 | 0 | 4 | |a 621.38275 |b CHO |2 21 |
| 100 | 0 | |a Chomycz, Bob |e author |9 560011 | |
| 245 | 1 | 0 | |a Planning fiber optic networks |
| 300 | |a 388 p | ||
| 942 | |c BK | ||
| 945 | |d 20120106 00:00:00 |a cmena | ||
| 260 | |a Nueva York |b McGraw-Hill |c 2009 | ||
| 650 | 0 | |a Telecomunicaciones |9 257195 | |
| 650 | 7 | |a FIBRA OPTICA |2 CL-VaPUC |9 406978 | |
| 650 | 0 | |a Propagación de ondas |9 263256 | |
| 650 | 7 | |a DISEÑO DE REDES |2 CL-VaPUC |9 355401 | |
| 583 | |a last modification |c 20120106 11:45:00 |k Rodrigo Vera | ||
| 999 | |c 346409 |d 346407 | ||
| 952 | |0 0 |1 0 |4 0 |6 621_382750000000000_CHO_2009 |7 0 |8 A |9 447092 |a BIBING |b BIBING |d 2019-11-22 |i 4832264 |l 5 |o 621.38275 CHO 2009 |p 4832264 |r 2025-01-20 |s 2024-07-19 |w 2019-11-22 |y BK |k EIE | ||